Environmental economics and management (Record no. 221657)
[ view plain ]
| 000 -LEADER | |
|---|---|
| fixed length control field | 01549nam a22002297a 4500 |
| 005 - DATE AND TIME OF LATEST TRANSACTION | |
| control field | 20220421102705.0 |
| 008 - FIXED-LENGTH DATA ELEMENTS--GENERAL INFORMATION | |
| fixed length control field | 220302b ||||| |||| 00| 0 eng d |
| 020 ## - INTERNATIONAL STANDARD BOOK NUMBER | |
| International Standard Book Number | 9788131527641 |
| 040 ## - CATALOGING SOURCE | |
| Transcribing agency | AL |
| 041 ## - LANGUAGE CODE | |
| Language code of text/sound track or separate title | eng |
| 082 ## - DEWEY DECIMAL CLASSIFICATION NUMBER | |
| Edition number | 23 |
| Classification number | 333.7 |
| Item number | GALE |
| 100 ## - MAIN ENTRY--PERSONAL NAME | |
| Personal name | Scott J Callan |
| 9 (RLIN) | 22255 |
| 245 ## - TITLE STATEMENT | |
| Title | Environmental economics and management |
| Remainder of title | Theory policy and applications |
| 250 ## - EDITION STATEMENT | |
| Edition statement | 6th ed. |
| 260 ## - PUBLICATION, DISTRIBUTION, ETC. | |
| Place of publication, distribution, etc. | New Delhi |
| Name of publisher, distributor, etc. | Cengage Learning |
| Date of publication, distribution, etc. | 2013 |
| 300 ## - PHYSICAL DESCRIPTION | |
| Extent | xxxv,588p. |
| Other physical details | PB |
| Dimensions | 25x20cm. |
| 365 ## - TRADE PRICE | |
| Source of price type code | General |
| Price type code | MLSH21CRB339 |
| Price amount | ₹559.20 |
| Currency code | ₹ |
| Unit of pricing | ₹699.00 |
| Price note | 20% |
| Price effective from | 20-02-2022 |
| 520 ## - SUMMARY, ETC. | |
| Summary, etc. | Gain a practical, applied grounding in environmental economic theory that is understandable whether you have had minimal previous exposure to economics or have an advanced understanding. With a strong focus on policy and real-world issues, Callan/Thomas's ENVIRONMENTAL ECONOMICS AND MANAGEMENT: THEORY, POLICY AND APPLICATIONS, Fifth Edition, complements economic theory with timely, real-world applications for a clear perspective of the relationship between market activity and the environment. The book integrates a strong business perspective into the development of environmental decision-making--a vantage point often overlooked in other conventional approaches. You'll learn to use economic analytical tools, such as market models, benefit-cost analysis, and risk analysis, to assess environmental problems and to evaluate policy solutions. |
| 650 ## - SUBJECT ADDED ENTRY--TOPICAL TERM | |
| Source of heading or term | Economics |
| Topical term or geographic name entry element | Environmental Economics |
| 9 (RLIN) | 22256 |
| 700 ## - ADDED ENTRY--PERSONAL NAME | |
| Personal name | Thomas, Janet M |
| 9 (RLIN) | 22257 |
| 942 ## - ADDED ENTRY ELEMENTS (KOHA) | |
| Source of classification or shelving scheme | Dewey Decimal Classification |
| Koha item type | Book |
| Withdrawn status | Lost status | Source of classification or shelving scheme | Damaged status | Not for loan | Collection code | Home library | Current library | Date acquired | Source of acquisition | Cost, normal purchase price | Total Checkouts | Full call number | Barcode | Date last seen | Cost, replacement price | Price effective from | Koha item type |
|---|---|---|---|---|---|---|---|---|---|---|---|---|---|---|---|---|---|
| Dewey Decimal Classification | Economics | St Aloysius PG Library | St Aloysius PG Library | 02/25/2022 | Sapna Book House | 559.20 | 333.7 GALE | PG023654 | 08/24/2022 | 699.00 | 02/20/2022 | Book |